000 00451nam a2200193Ia 4500
003 OSt
005 20251203124958.0
008 250729s1995 xx 000 0 und d
020 _a978-8193364741
040 _cAL
041 _aeng
082 _a371.4 CHAG
100 _aChandra Satish
_9225499
245 _aGuidance and counselling
260 _aMeerut
_c1995
300 _a225p
650 _aVocational Guidance
_9225500
942 _2ddc
_cBED
999 _c236941
_d236941